Normal view
MARC view
- Environmental economics
Entry Topical Term
001 - CONTROL NUMBER
- control field: 39339
003 - CONTROL NUMBER IDENTIFIER
- control field: OSt
005 - DATE AND TIME OF LATEST TRANSACTION
- control field: 20160214142221.0
008 - FIXED-LENGTH DATA ELEMENTS
- fixed length control field: 160214|| aca||babn | a|a d
040 ## - CATALOGING SOURCE
- Original cataloging agency: OSt
150 ## - HEADING--TOPICAL TERM
- Topical term or geographic name as entry element: Environmental economics
450 ## - SEE FROM TRACING--TOPICAL TERM
- Topical term or geographic name entry element: Economics
- General subdivision: Environmental aspects
450 ## - SEE FROM TRACING--TOPICAL TERM
- Topical term or geographic name entry element: Environmental quality
- General subdivision: Economic aspects
550 ## - SEE ALSO FROM TRACING--TOPICAL TERM
- Topical term or geographic name entry element: Economics